Trouvez-les toutes ! - Villes de l'Essonne - Statistiques

Statistiques générales
  • Ce quiz a été pris 239 fois
  • Le résultat moyen est 6 sur 11
Answers on the Grid
Answers color-coded by a green-red scale on the quiz's grid according to % correct below.
Marcoussis
Crépy-en-Valois
Gisors
Morigny-Champigny
Cerny
Bray-Dunes
Angerville
St-Chéron
Villeneuve-la-Garenne
Juvigny
Périgny-sur-Yerres
Juvisy
Santeny
Longjumeau
Brétigny
Torcy
Crécy-la-Chapelle
Lisses
Nandy
Chaville
Avrainville
Montfermeil
Noisy-le-Roi
Janvry
 
Statistiques - réponses
Réponse % Correct
Desservie par le RER C et le RER D, malgré sa petite superficie par rapport aux autres villes limitrophes (Athis-Mons, Draveil, Savigny-sur-Orge, Viry-Châtillon) Juvisy
74%
Cette ville se situe au nord de l'Essonne. Marcoussis
74%
Autrefois desservie par le RER C direction Versailles (Gare des Chantiers), elle est désormais desservie par le T12. Marc Lavoine y est né. Longjumeau
69%
Desservi par le RER C. Brétigny
61%
Ville limitrophe de Courcouronnes. (Courcouronnes étant associée à Évry pour donner Évry-Courcouronnes) Lisses
56%
Dernière ville d'Essonne avant le Loiret (45). C'est la ville la plus méridionale du département. Angerville
44%
Ville essonnienne desservie par le RER C. (Direction Dourdan / Dourdan la Forêt) St-Chéron
42%
Attention à l'orthographe ! C'est une ville d'Essonne qui existe réellement et on ne parle pas de Cergy, deuxième plus grande ville dans le Val-d'Oise en population, derrière Argenteuil. Cerny
41%
Ville essonnienne dans le sud du département. Avrainville
39%
Ville dans l'ouest de l'Essonne. Janvry
36%
Cette ville est limitrophe d'Étampes, une autre ville dans le sud de l'Essonne. Morigny-Champigny
33%
Aucun quiz correspondant
Distribution des résultats
% des personnes avec chaque résultat
Percentile par nombre de réponses
Votre historique - résultats
Vous n’avez pas pris ce quiz